1773 1951 1987 1627 1104 1380 1540 1368 1734 1712 1335 1895 1387 1502 1229 1132 1122 1739 1482 1687 1681 1720 1716 1805 1669 1628 1027 1651 1436 1049 1524 1667 1266 1756 1771 1334 1511 1672 1142 1677 1993 1815 1827 1436 1618 1928 1669 1789 2000 1683 1988 1222 1069 1725 1371 1022 1706 1385 1303 1795 1307 1062 1317 1911 1395 1087 1609 1882 1204 1891 1007 1941 1751 1245 1146 1975 1763 1429 1888 1397 1932 1666 1795 1219 1153 1575 1023 1874 1842 1827 1160 1442 1838 1003 1210 1008 1885 1684 1221 BCNSPRNW ULIB Ver.6.0+V

เปลี่ยนเป็นภาษาไทย

Change to English
 แสดงรายละเอียดบรรณานุกรม
  กลับหน้าหลัก

Brief Record : Get Marc (ISO 2709) : E-mail record : QR code < ปิดหน้าต่าง
LEADER : 00000nam 2200000uu 4500
001    13399112954
003     ULIB
008    110919s2547||||th 000 0 tha d
050  4 LG395.T5^bพ361ผ 2547
110 1  สถาบันพระบรมราชชนก
245 10 แผนยุทธศาสตร์การพัฒนาสถาบันพระบรมราชชนก พ.ศ. 2549-2553 /^cสถาบันพระบรมราชชนก
250    พิมพ์ครั้งที่ 2 ปรับปรุงใหม่
260    นนทบุรี :^bสถาบันพระบรมราชชนก,^c2547
300    122หน้า
650  7 แผนยุทธศาสตร์การพัฒนาสถาบันพระบรมราชชนก
650  7 สถาบันพระบรมราชชนก
945    ^p0^l0^i019224
945    ^p0^l0^i019225
995    ทศพร
999 ^a ทศพร
รายการนี้ยังไม่มีแท็ก
คุณยังไม่ได้ล็อกอิน คุณสามารถมีกิจกรรมร่วมกับเว็บไซต์ได้ แต่ต้องล็อกอินก่อน ::
  ล็อกอิน

รายการสื่อสารสนเทศ

ลำดับที่ ประเภท เลขเรียก/บาร์โค้ด สถานที่ สถานะ
- ไม่พบข้อมูล -

รายการใกล้เคียง
    หัวเรื่อง [แผนยุทธศาสตร์การพัฒนาสถาบันพระบรมราชชนก]
    หัวเรื่อง [สถาบันพระบรมราชชนก]

BibComment


ยังไม่เคยถูกคอมเมนท์

คอมเมนท์ทรัพยากรรายการนี้
  คอมเมนท์: แผนยุทธศาสตร์การพ..


 Copyright 2026. Bcnsprnw @Library